000 00680nam a2200229 a 4500
999 _c3081
_d3081
001 3081
003 BD-JhCC
005 20171109193556.0
008 171109s1977 bg |||| |||| 000 0 ben d
035 _a(BD-JhCC)3081
040 _aBD-JhCC
_dBD-JhCC
041 _aben
082 _a891.442
_bMAM 1977
100 _aমামুন, আবদুল্লাহ্ আল
245 _aসুবচন নির্বাসনে /
_cআবদুল্লাহ্ আল মামুন.
250 _a3rd Edi.
260 _aঢাকা :
_bমুক্তধারা,
_c1977.
300 _a61 p. :
_c21 cm.
650 _aBengali Drama
942 _2ddc
_cBK